Startups from Central and Eastern Europe as Open Innovation Sources – Theoretical Background
Salvato in:
| Autore principale: | |
|---|---|
| Altri autori: | , |
| Natura: | Capitolo di libro |
| Lingua: | inglese |
| Soggetti: | |
| Tags: |
Nessun Tag, puoi essere il primo ad aggiungerne!!
|
MARC
| LEADER | 00000naa a2200000 4500 | ||
|---|---|---|---|
| 001 | 0290169 | ||
| 005 | 20260326131523.5 | ||
| 041 | 0 | |a eng | |
| 044 | |a CZ | ||
| 245 | 1 | 0 | |a Startups from Central and Eastern Europe as Open Innovation Sources – Theoretical Background |c Soňa Ferenčíková, Janka Pásztorová, Tatiana Hlušková |
| 500 | |a Abstrakt | ||
| 610 | 2 | 0 | |a start-up |
| 610 | 2 | 0 | |a inovácie technologické |
| 610 | 2 | 0 | |a inovácie otvorené |
| 610 | 2 | 0 | |a stredná Európa |
| 610 | 2 | 0 | |a východná Európa |
| 100 | 1 | |a Ferenčíková, Soňa, 1960- | |
| 700 | 1 | |a Pásztorová, Janka, 1960- | |
| 700 | 1 | |a Hlušková, Tatiana, 1987- | |